[Event "Chess House IM 2017"]
[Site "Aarhus"]
[Date "2017.02.10"]
[Round "1.1"]
[White "Fries Nielsen, Jens Ove"]
[Black "Bjerre, Jonas Buhl"]
[Result "1/2-1/2"]
[WhiteElo "2353"]
[BlackElo "2355"]
[PlyCount "61"]
[EventDate "2017.02.??"]
[EventType "tourn"]
[EventRounds "9"]
[EventCountry "DEN"]
[WhiteClock "0:18:30"]
[BlackClock "0:25:05"]

1. g3 d5 2. Bg2 Nf6 3. d3 c5 4. Nd2 Nc6 5. e4 e5 6. Ne2 Be7 7. O-O O-O 8. h3
dxe4 9. dxe4 b6 10. Re1 Bb7 11. Nc3 Nd4 12. Nc4 Nd7 13. Nd5 b5 14. Nxe7+ Qxe7
15. Ne3 Nb6 16. c3 Ne6 17. Qh5 f6 18. Nf5 Qc7 19. Qg4 Bc8 20. Qe2 c4 21. Be3
Nc5 22. Bxc5 Qxc5 23. Ne3 Be6 24. Red1 Rfd8 25. Rd2 Na4 26. Rad1 Qc7 27. Nd5
Qf7 28. b3 Nb6 29. Nxb6 Rxd2 30. Qxd2 axb6 31. b4 1/2-1/2

[Event "Chess House IM 2017"]
[Site "Aarhus"]
[Date "2017.02.10"]
[Round "1.2"]
[White "Grabarczyk, Miroslaw"]
[Black "Thybo, Jesper Sondergaard"]
[Result "1/2-1/2"]
[WhiteElo "2436"]
[BlackElo "2390"]
[PlyCount "80"]
[EventDate "2017.02.??"]
[EventType "tourn"]
[EventRounds "9"]
[EventCountry "DEN"]
[WhiteClock "0:29:31"]
[BlackClock "0:14:51"]

1. d4 Nf6 2. c4 g6 3. Nf3 Bg7 4. g3 c6 5. Bg2 d5 6. cxd5 cxd5 7. Nc3 Ne4 8.
Nxe4 dxe4 9. Ne5 Nd7 10. Nxd7 Qxd7 11. Bxe4 Qxd4 12. Qxd4 Bxd4 13. O-O Bh3 14.
Bxb7 Bxf1 15. Bxa8 Bxe2 16. Bc6+ Kd8 17. Bf4 e5 18. Re1 exf4 19. Rxe2 fxg3 20.
hxg3 Kc7 21. Bd5 f5 22. b4 Rd8 23. Bf3 Bf6 24. Rc2+ Kb8 25. b5 Bg5 26. a4 Rd2
27. Rxd2 Bxd2 28. Bd5 h6 29. Kg2 Kc7 30. Bf7 g5 31. Bg6 f4 32. Kf3 fxg3 33.
fxg3 Kb6 34. g4 Bc1 35. Bc2 Bd2 36. Ke4 Bc1 37. Kf5 Bd2 38. Kg6 Be3 39. Kxh6
Bd2 40. Kg6 Bc1 1/2-1/2

[Event "Chess House IM 2017"]
[Site "Aarhus"]
[Date "2017.02.10"]
[Round "1.3"]
[White "Pfreundt, Jakob"]
[Black "Bolding, Klaus"]
[Result "1-0"]
[WhiteElo "2376"]
[BlackElo "2307"]
[PlyCount "63"]
[EventDate "2017.02.??"]
[EventType "tourn"]
[EventRounds "9"]
[EventCountry "DEN"]
[WhiteClock "0:00:45"]
[BlackClock "0:06:16"]

1. e4 Nf6 2. e5 Nd5 3. c4 Nb6 4. d4 d6 5. exd6 exd6 6. Nc3 Be7 7. h3 c6 8. Nf3
d5 9. c5 N6d7 10. Bd3 Nf8 11. O-O Ne6 12. Qc2 h6 13. Ne2 Bf6 14. Be3 Nd7 15.
Ng3 O-O 16. Nf5 b6 17. cxb6 Qxb6 18. Rac1 Nb8 19. Ne5 Ba6 20. Bxa6 Qxa6 21. Ng4
Bd8 22. Rfe1 h5 23. Ne5 Bf6 24. f4 Rd8 25. b4 Qb6 26. Qe2 Bxe5 27. fxe5 g6 28.
Nh6+ Kg7 29. Qf2 Rf8 30. Qf6+ Kh7 31. Nxf7 Qb7 32. Rf1 1-0

[Event "Chess House IM 2017"]
[Site "Aarhus"]
[Date "2017.02.10"]
[Round "1.4"]
[White "Vasova, Mariya"]
[Black "Boe Olsen, Filip"]
[Result "0-1"]
[WhiteElo "2211"]
[BlackElo "2123"]
[PlyCount "76"]
[EventDate "2017.02.??"]
[EventType "tourn"]
[EventRounds "9"]
[EventCountry "DEN"]
[WhiteClock "0:10:04"]
[BlackClock "0:01:06"]

1. e4 c5 2. Nf3 d6 3. d4 cxd4 4. Nxd4 Nf6 5. Nc3 a6 6. Be2 e5 7. Nb3 Be7 8. O-O
O-O 9. Re1 Be6 10. Bf3 Nbd7 11. a4 Rc8 12. a5 Rc4 13. Be3 Qc7 14. Nd2 Rc6 15.
Nf1 Rc8 16. Re2 g6 17. Rd2 h5 18. Nd5 Qd8 19. Nxe7+ Qxe7 20. h3 Nh7 21. Kh2 Ng5
22. Bxg5 Qxg5 23. Ne3 Nf6 24. Ra4 Qh4 25. Nd5 Bxd5 26. exd5 Rc4 27. g3 Qg5 28.
Rxc4 Rxc4 29. b3 Rc5 30. c4 h4 31. Rc2 Rxa5 32. b4 Ra3 33. c5 dxc5 34. d6 hxg3+
35. fxg3 cxb4 36. Rc8+ Kg7 37. h4 Qf5 38. Bxb7 Ra2+ 0-1

[Event "Chess House IM 2017"]
[Site "Aarhus"]
[Date "2017.02.10"]
[Round "1.5"]
[White "Teplyi, Igor"]
[Black "Matthiesen, Martin"]
[Result "0-1"]
[WhiteElo "2448"]
[BlackElo "2329"]
[PlyCount "74"]
[EventDate "2017.02.??"]
[EventType "tourn"]
[EventRounds "9"]
[EventCountry "DEN"]
[WhiteClock "0:03:04"]
[BlackClock "0:01:17"]

1. d4 Nf6 2. c4 e6 3. Nf3 b6 4. g3 Bb7 5. Bg2 Be7 6. Nc3 Ne4 7. Bd2 Bf6 8. O-O
O-O 9. Rc1 d6 10. d5 Nxd2 11. Nxd2 e5 12. Qc2 g6 13. e4 Nd7 14. f4 exf4 15.
gxf4 Bg7 16. Rce1 Re8 17. Nf3 Nf6 18. e5 Nh5 19. Re4 Bc8 20. Nd4 Bd7 21. Qe2
Nxf4 22. Rexf4 dxe5 23. Rxf7 exd4 24. Ne4 Bf5 25. R7xf5 gxf5 26. Rxf5 Qh4 27.
Rh5 Qf4 28. b4 a5 29. bxa5 bxa5 30. Rh3 Rab8 31. Rb3 a4 32. Rb5 Qc1+ 33. Bf1
Rf8 34. Nd2 Rxb5 35. cxb5 Qc2 36. d6 Qg6+ 37. Qg2 Qxd6 0-1

[Event "Chess House IM 2017"]
[Site "Aarhus"]
[Date "2017.02.11"]
[Round "2.1"]
[White "Fries Nielsen, Jens Ove"]
[Black "Grabarczyk, Miroslaw"]
[Result "1/2-1/2"]
[WhiteElo "2353"]
[BlackElo "2436"]
[PlyCount "61"]
[EventDate "2017.02.??"]
[EventType "tourn"]
[EventRounds "9"]
[EventCountry "DEN"]
[WhiteClock "0:07:50"]
[BlackClock "0:54:42"]

1. d4 d5 2. Nc3 Nf6 3. Bf4 e6 4. Nb5 Na6 5. e3 c6 6. Nc3 Be7 7. Bxa6 bxa6 8.
Nge2 O-O 9. h3 c5 10. O-O a5 11. Nc1 Bb7 12. Nb3 Nd7 13. Na4 cxd4 14. exd4 Bc6
15. Nac5 Qb6 16. Nxd7 Bxd7 17. a4 Rfc8 18. Bd2 Rc4 19. Bxa5 Qb8 20. Bc3 Rxa4
21. Qd2 Rxa1 22. Rxa1 Qb6 23. Nc5 Bxc5 24. dxc5 Qxc5 25. Bd4 Qe7 26. Rxa7 Rxa7
27. Bxa7 f6 28. b4 Bb5 29. Bc5 Qd7 30. c3 e5 31. f3 1/2-1/2

[Event "Chess House IM 2017"]
[Site "Aarhus"]
[Date "2017.02.11"]
[Round "2.2"]
[White "Thybo, Jesper Sondergaard"]
[Black "Pfreundt, Jakob"]
[Result "0-1"]
[WhiteElo "2390"]
[BlackElo "2376"]
[PlyCount "112"]
[EventDate "2017.02.??"]
[EventType "tourn"]
[EventRounds "9"]
[EventCountry "DEN"]
[WhiteClock "0:06:30"]
[BlackClock "0:16:28"]

1. Nf3 d5 2. g3 Nf6 3. Bg2 e6 4. O-O Be7 5. c4 O-O 6. d4 dxc4 7. Qc2 a6 8. a4
Nc6 9. Qxc4 Qd5 10. Nbd2 Rd8 11. e3 Qxc4 12. Nxc4 Nd5 13. b3 f6 14. Bb2 Ndb4
15. Rfd1 Bd7 16. Bh3 Kf7 17. a5 Na7 18. Ne1 Bc6 19. Ba3 Be4 20. Bg2 Bxg2 21.
Kxg2 Nac6 22. Kf1 Rd5 23. Bb2 Rad8 24. Ke2 Bf8 25. f4 Be7 26. Nf3 Rb5 27. Rdc1
h6 28. Nfd2 Rh5 29. h4 Rhd5 30. Ne4 h5 31. Nc3 R5d7 32. Rg1 g6 33. Ne4 Rd5 34.
Nc3 R5d7 35. Rg2 Na7 36. Rag1 Rg8 37. Ne4 Nbc6 38. Nf2 Nb5 39. g4 hxg4 40. Nxg4
Rh8 41. Nf2 Rh6 42. Ne4 Rd5 43. Ned2 Bb4 44. Nf3 Nd6 45. Nxd6+ cxd6 46. e4 Rxa5
47. d5 exd5 48. f5 Ne7 49. fxg6+ Rxg6 50. exd5 Rxd5 51. Rxg6 Nxg6 52. Rg4 a5
53. Rc4 Bc5 54. Nd2 Rh5 55. Ne4 Rxh4 56. Nxf6 Rh2+ 0-1

[Event "Chess House IM 2017"]
[Site "Aarhus"]
[Date "2017.02.11"]
[Round "2.3"]
[White "Bolding, Klaus"]
[Black "Vasova, Mariya"]
[Result "1/2-1/2"]
[WhiteElo "2307"]
[BlackElo "2211"]
[PlyCount "81"]
[EventDate "2017.02.??"]
[EventType "tourn"]
[EventRounds "9"]
[EventCountry "DEN"]
[WhiteClock "0:01:09"]
[BlackClock "0:00:59"]

1. g3 d5 2. Bg2 Nf6 3. d3 c6 4. Nf3 Bf5 5. O-O e6 6. Nbd2 Be7 7. b3 h6 8. Bb2
O-O 9. c4 Nbd7 10. a3 a5 11. Bc3 Re8 12. Qc1 Bd6 13. b4 a4 14. Re1 e5 15. e4
Bh7 16. Nh4 Qc7 17. Qc2 d4 18. Bb2 c5 19. b5 Bf8 20. Re2 Nb6 21. Rf1 Nc8 22.
Bc1 Ne7 23. Ree1 g5 24. Nhf3 Ng6 25. h3 Nh5 26. Nh2 Qe7 27. Ng4 Bg7 28. Qd1 Nf6
29. Nh2 Rf8 30. Kh1 Kh8 31. Ndf3 Ne8 32. Ng1 Qc7 33. Bf3 Nf6 34. Bg4 Ng8 35.
Bd2 N8e7 36. Qf3 Qd6 37. Bf5 b6 38. Ne2 Rae8 39. Qg2 Rg8 40. Bg4 Ref8 41. Bf5
1/2-1/2

[Event "Chess House IM 2017"]
[Site "Aarhus"]
[Date "2017.02.11"]
[Round "2.4"]
[White "Boe Olsen, Filip"]
[Black "Teplyi, Igor"]
[Result "1/2-1/2"]
[WhiteElo "2123"]
[BlackElo "2448"]
[PlyCount "80"]
[EventDate "2017.02.??"]
[EventType "tourn"]
[EventRounds "9"]
[EventCountry "DEN"]
[WhiteClock "0:05:20"]
[BlackClock "0:15:12"]

1. d4 Nf6 2. c4 e6 3. Nc3 Bb4 4. e3 O-O 5. Nge2 d5 6. a3 Bd6 7. Ng3 c6 8. Bd3
dxc4 9. Bxc4 e5 10. Nce2 Nbd7 11. O-O Nb6 12. Ba2 Qe7 13. Qc2 Re8 14. dxe5 Qxe5
15. Bd2 Nbd5 16. Rfe1 Qe7 17. Nc3 Nxc3 18. Bxc3 Be6 19. Nf5 Bxf5 20. Qxf5 Ne4
21. Bb1 g6 22. Qxe4 Qxe4 23. Bxe4 Rxe4 24. Re2 Ree8 25. Rd1 Rad8 26. Red2 Be7
27. Kf1 Rxd2 28. Rxd2 Rd8 29. Rxd8+ Bxd8 30. Ke2 f5 31. Kd3 Kf7 32. e4 Ke6 33.
Bd4 a6 34. f4 Bc7 35. g3 Bd6 36. Bb6 h5 37. e5 Be7 38. h4 Kd5 39. b4 Bf8 40.
Kc3 Be7 1/2-1/2

[Event "Chess House IM 2017"]
[Site "Aarhus"]
[Date "2017.02.11"]
[Round "2.5"]
[White "Bjerre, Jonas Buhl"]
[Black "Matthiesen, Martin"]
[Result "0-1"]
[WhiteElo "2355"]
[BlackElo "2329"]
[PlyCount "142"]
[EventDate "2017.02.??"]
[EventType "tourn"]
[EventRounds "9"]
[EventCountry "DEN"]
[WhiteClock "0:03:46"]
[BlackClock "0:03:29"]

1. e4 c5 2. Nf3 d6 3. d4 cxd4 4. Nxd4 Nf6 5. Nc3 Nc6 6. Bg5 e6 7. Qd2 a6 8.
O-O-O Bd7 9. f4 b5 10. Bxf6 gxf6 11. Kb1 Qb6 12. Nce2 Na5 13. Ng3 h5 14. h4 Nc4
15. Qd3 Qc5 16. Be2 a5 17. Nxh5 O-O-O 18. Nb3 Qc7 19. Nd2 Nxd2+ 20. Qxd2 Bc6
21. Rh3 d5 22. exd5 Rxd5 23. Rd3 Bb4 24. c3 Be7 25. Rxd5 Bxd5 26. g4 Rd8 27.
Qc2 Qc6 28. Ng3 Bd6 29. Rf1 Rh8 30. h5 Kb8 31. Bd3 Rg8 32. Qe2 b4 33. c4 Bg2
34. Rf2 Bh3 35. Be4 Qc7 36. Bf3 f5 37. c5 Bxc5 38. Qa6 Qa7 39. Qxa7+ Bxa7 40.
Rh2 fxg4 41. Be4 Be3 42. Ne2 f5 43. Bc2 Kc7 44. Bb3 Kd6 45. Kc2 Bf1 46. h6 Bh3
47. Kd3 Bb6 48. Ng3 Rh8 49. Re2 Rxh6 50. Kc4 Bc7 51. Ba4 Bb8 52. Kb5 Rf6 53.
Kxa5 Ke7 54. Rf2 Rf8 55. Kxb4 Bd6+ 56. Kc3 Rc8+ 57. Kd3 Rc1 58. Ne2 Rf1 59.
Rxf1 Bxf1 60. Ke3 Bc5+ 61. Kd2 Bf2 62. Bc2 g3 63. Nxg3 Bxg3 64. Ke3 Bg2 65. b4
Kf6 66. b5 e5 67. fxe5+ Kxe5 68. b6 Bb7 69. a4 Be1 70. Bxf5 Kxf5 71. Kd4 Bf2+
0-1

[Event "Chess House IM 2017"]
[Site "Aarhus"]
[Date "2017.02.12"]
[Round "3.1"]
[White "Pfreundt, Jakob"]
[Black "Fries Nielsen, Jens Ove"]
[Result "1/2-1/2"]
[WhiteElo "2376"]
[BlackElo "2353"]
[PlyCount "64"]
[EventDate "2017.02.??"]
[EventType "tourn"]
[EventRounds "9"]
[EventCountry "DEN"]
[WhiteClock "0:16:53"]
[BlackClock "0:22:59"]

1. e4 d6 2. d4 Nd7 3. Nf3 a6 4. Bc4 e6 5. Bb3 Ne7 6. O-O h6 7. Be3 g5 8. c4 Ng6
9. Nc3 Bg7 10. Qd2 O-O 11. Rad1 Qe7 12. Ne1 c5 13. dxc5 dxc5 14. Nd3 Nge5 15.
Nxe5 Nxe5 16. Qd6 Qxd6 17. Rxd6 b5 18. Bxc5 bxc4 19. Bc2 Rb8 20. Ba3 Bb7 21.
Rd2 Rfd8 22. Rfd1 Rxd2 23. Rxd2 Bf8 24. Bxf8 Kxf8 25. f3 Ke7 26. Kf2 Bc6 27.
Bb1 a5 28. Ke3 h5 29. Kd4 Rd8+ 30. Ke3 Rb8 31. Kd4 Rd8+ 32. Ke3 Rb8 1/2-1/2

[Event "Chess House IM 2017"]
[Site "Aarhus"]
[Date "2017.02.12"]
[Round "3.2"]
[White "Grabarczyk, Miroslaw"]
[Black "Bjerre, Jonas Buhl"]
[Result "1-0"]
[WhiteElo "2436"]
[BlackElo "2355"]
[PlyCount "81"]
[EventDate "2017.02.??"]
[EventType "tourn"]
[EventRounds "9"]
[EventCountry "DEN"]
[WhiteClock "0:24:54"]
[BlackClock "0:03:09"]

1. d4 Nf6 2. c4 e6 3. Nf3 c5 4. d5 b5 5. Bg5 exd5 6. cxd5 d6 7. e4 a6 8. a4 Be7
9. Bxf6 Bxf6 10. axb5 Bxb2 11. Ra2 Bf6 12. Nbd2 O-O 13. Be2 Bb7 14. O-O Qc7 15.
Qb3 axb5 16. Rxa8 Bxa8 17. Bxb5 Bb7 18. Rb1 Rd8 19. Qa4 Bc8 20. h3 Nd7 21. Nc4
Bc3 22. Bxd7 Rxd7 23. Rb6 Rd8 24. Rxd6 Bd7 25. Qa6 Rb8 26. Rb6 Rxb6 27. Nxb6
Be8 28. Nc4 Qf4 29. Qc8 Kf8 30. Qxc5+ Kg8 31. Qe7 Qb8 32. Nd6 Ba4 33. Qxf7+ Kh8
34. Qe6 h6 35. Qc8+ Qxc8 36. Nxc8 Kg8 37. e5 Bb3 38. d6 Be6 39. Ne7+ Kf7 40.
Nc6 Bd5 41. d7 1-0

[Event "Chess House IM 2017"]
[Site "Aarhus"]
[Date "2017.02.12"]
[Round "3.3"]
[White "Vasova, Mariya"]
[Black "Thybo, Jesper Sondergaard"]
[Result "0-1"]
[WhiteElo "2211"]
[BlackElo "2390"]
[PlyCount "82"]
[EventDate "2017.02.??"]
[EventType "tourn"]
[EventRounds "9"]
[EventCountry "DEN"]
[WhiteClock "0:42:23"]
[BlackClock "0:01:13"]

1. e4 e6 2. d4 d5 3. Nd2 Be7 4. Bd3 c5 5. dxc5 Bxc5 6. Ngf3 Nf6 7. O-O O-O 8.
e5 Nfd7 9. Nb3 Be7 10. Bf4 Nc6 11. Bg3 Qc7 12. Nbd4 Nc5 13. Rc1 Qb6 14. Nb3
Nxb3 15. axb3 Nb4 16. Be2 a5 17. c3 Na6 18. Bd3 Nc5 19. Bc2 Bd7 20. Nd4 Rfc8
21. Qh5 g6 22. Qh6 Qd8 23. h4 b5 24. Nf3 Qf8 25. Qf4 b4 26. h5 a4 27. cxb4 Nxb3
28. Bxb3 axb3 29. Qe3 Bb5 30. Rfd1 Bc4 31. Nh2 gxh5 32. Qf3 Qh6 33. Bf4 Qg6 34.
Bd2 Kh8 35. Bc3 Rg8 36. Kh1 Be2 37. Qh3 Bxd1 38. Rxd1 Rac8 39. Nf3 Qc2 40. Rf1
Rxc3 41. bxc3 b2 0-1

[Event "Chess House IM 2017"]
[Site "Aarhus"]
[Date "2017.02.12"]
[Round "3.4"]
[White "Teplyi, Igor"]
[Black "Bolding, Klaus"]
[Result "1/2-1/2"]
[WhiteElo "2448"]
[BlackElo "2307"]
[PlyCount "99"]
[EventDate "2017.02.??"]
[EventType "tourn"]
[EventRounds "9"]
[EventCountry "DEN"]
[WhiteClock "0:21:07"]
[BlackClock "0:25:21"]

1. d4 c5 2. d5 e5 3. e4 d6 4. Nc3 Be7 5. Bb5+ Nd7 6. a4 a6 7. Be2 Bg5 8. Nf3
Bxc1 9. Qxc1 Ngf6 10. O-O Nf8 11. Nd2 Ng6 12. Nc4 Nf4 13. Re1 h5 14. Bf1 Ng4
15. g3 Ng6 16. f3 Nh6 17. Qd2 h4 18. g4 f6 19. Ne2 Nf7 20. h3 Bd7 21. Bg2 b6
22. a5 b5 23. Nb6 Rb8 24. b4 c4 25. Qe3 Ne7 26. f4 g5 27. f5 O-O 28. Ra3 Be8
29. Kf2 Rb7 30. Ng1 Rc7 31. Nf3 Rb7 32. Bf1 Nc8 33. Rea1 Bd7 34. Nd2 Re8 35.
Kg1 Re7 36. Qf2 Be8 37. Nf3 Rec7 38. c3 Na7 39. R3a2 Nc8 40. Be2 Kg7 41. Kh2
Kg8 42. Rg1 Re7 43. Rga1 Rec7 44. Nd2 Kg7 45. Ra3 Kg8 46. Qf1 Na7 47. Rc1 Nc8
48. Qf2 Kg7 49. Raa1 Kg8 50. Ra3 1/2-1/2

[Event "Chess House IM 2017"]
[Site "Aarhus"]
[Date "2017.02.12"]
[Round "3.5"]
[White "Matthiesen, Martin"]
[Black "Boe Olsen, Filip"]
[Result "1/2-1/2"]
[WhiteElo "2329"]
[BlackElo "2123"]
[PlyCount "146"]
[EventDate "2017.02.??"]
[EventType "tourn"]
[EventRounds "9"]
[EventCountry "DEN"]
[WhiteClock "0:14:04"]
[BlackClock "0:01:21"]

1. d4 d5 2. c4 c6 3. Nf3 Nf6 4. Nc3 e6 5. Bg5 h6 6. Bxf6 Qxf6 7. e3 Nd7 8. Bd3
g6 9. O-O Bg7 10. Rc1 O-O 11. Re1 dxc4 12. Bxc4 e5 13. d5 Nb6 14. dxc6 Qxc6 15.
Nd5 Nxd5 16. Bxd5 Qb6 17. Qb3 Qxb3 18. Bxb3 Bd7 19. Rc7 Bc6 20. Nh4 Bf6 21.
Nxg6 Bd8 22. Rxc6 bxc6 23. Nxf8 Kxf8 24. Rc1 Rc8 25. Rc5 f6 26. Ba4 Rb8 27. b3
Be7 28. Rxc6 Rd8 29. g3 Rd1+ 30. Kg2 Rd2 31. Rc8+ Kg7 32. Rc7 Kf8 33. Rxa7 Bc5
34. Ra8+ Kg7 35. Kf1 Rxa2 36. Bc6 Rb2 37. Rb8 Rb1+ 38. Ke2 Rb2+ 39. Kf1 Rb1+
40. Kg2 Rb2 41. Rb7+ Kf8 42. Bd5 Bxe3 43. Rf7+ Ke8 44. Rxf6 Bd4 45. g4 Ke7 46.
Rxh6 Rxf2+ 47. Kg3 Rd2 48. Bc4 Kf8 49. h4 Kg7 50. g5 Be3 51. Kg4 Rf2 52. Kg3
Rf4 53. Bd5 Bf2+ 54. Kh3 e4 55. h5 e3 56. Rg6+ Kh7 57. Rh6+ Kg7 58. Rg6+ Kh7
59. Re6 Rh4+ 60. Kg2 Rg4+ 61. Kf3 Rxg5 62. Be4+ Kh8 63. h6 Rg8 64. Bd3 Rb8 65.
b4 Be1 66. b5 Ba5 67. Kxe3 Bb6+ 68. Kf3 Bd4 69. Kg4 Bc5 70. Kh5 Rd8 71. Bc4 Rb8
72. Rc6 Be3 73. Kg6 Rb6 1/2-1/2

[Event "Chess House IM 2017"]
[Site "Aarhus"]
[Date "2017.02.13"]
[Round "4.1"]
[White "Fries Nielsen, Jens Ove"]
[Black "Vasova, Mariya"]
[Result "1-0"]
[WhiteElo "2353"]
[BlackElo "2211"]
[PlyCount "97"]
[EventDate "2017.02.??"]
[EventType "tourn"]
[EventRounds "9"]
[EventCountry "DEN"]
[WhiteClock "0:25:27"]
[BlackClock "0:28:36"]

1. Nf3 Nf6 2. d4 d5 3. Nbd2 Bf5 4. Nh4 Be4 5. c3 c6 6. f3 Bg6 7. Nxg6 hxg6 8.
g3 Nbd7 9. e3 e5 10. f4 e4 11. Be2 g5 12. fxg5 Nh7 13. g6 fxg6 14. c4 Qg5 15.
cxd5 cxd5 16. Qa4 Nhf6 17. Nf1 Bd6 18. Bd2 Rc8 19. Rc1 Rxc1+ 20. Bxc1 a6 21.
Bd2 Ng4 22. h3 Ngf6 23. Kd1 Qf5 24. Be1 O-O 25. g4 Qe6 26. g5 Nb6 27. Qb3 Nfd7
28. Bg4 Qf7 29. Nd2 Bc7 30. h4 Qe7 31. a4 a5 32. Qb5 Nb8 33. Qxa5 Nc6 34. Qb5
Ra8 35. b3 Nb4 36. Qc5 Qxc5 37. dxc5 Nc8 38. Rf1 Ne7 39. Be6+ Kh7 40. Rf7 Nbc6
41. b4 Bd8 42. Bg3 Nf5 43. Bxf5 gxf5 44. b5 Nb4 45. Be5 Kg6 46. Rxg7+ Kh5 47.
Rg8 Kxh4 48. g6 Nd3 49. g7 1-0

[Event "Chess House IM 2017"]
[Site "Aarhus"]
[Date "2017.02.13"]
[Round "4.2"]
[White "Grabarczyk, Miroslaw"]
[Black "Pfreundt, Jakob"]
[Result "1/2-1/2"]
[WhiteElo "2436"]
[BlackElo "2376"]
[PlyCount "60"]
[EventDate "2017.02.??"]
[EventType "tourn"]
[EventRounds "9"]
[EventCountry "DEN"]
[WhiteClock "0:10:49"]
[BlackClock "0:03:41"]

1. d4 d5 2. c4 e6 3. Nf3 Nf6 4. Nc3 Be7 5. Bg5 Nbd7 6. cxd5 Nxd5 7. Bxe7 Qxe7
8. e4 Nxc3 9. bxc3 O-O 10. Bd3 b6 11. O-O Bb7 12. a4 a6 13. Re1 Rfd8 14. Qe2 e5
15. Bc4 Re8 16. Bd3 h6 17. h3 Kf8 18. Rad1 Qa3 19. Ra1 Qe7 20. Rab1 Bc6 21. Ra1
Bb7 22. Rab1 Bc6 23. Qa2 Qd6 24. Rbd1 Qf6 25. Ra1 Bb7 26. Rab1 Qd6 27. Rbd1 Qf6
28. Rb1 Qd6 29. Rbd1 Qf6 30. Rb1 Qd6 1/2-1/2

[Event "Chess House IM 2017"]
[Site "Aarhus"]
[Date "2017.02.13"]
[Round "4.3"]
[White "Thybo, Jesper Sondergaard"]
[Black "Teplyi, Igor"]
[Result "1/2-1/2"]
[WhiteElo "2390"]
[BlackElo "2448"]
[PlyCount "74"]
[EventDate "2017.02.??"]
[EventType "tourn"]
[EventRounds "9"]
[EventCountry "DEN"]
[WhiteClock "0:02:04"]
[BlackClock "0:03:24"]

1. d4 Nf6 2. c4 e6 3. Nf3 d5 4. g3 Bb4+ 5. Nbd2 O-O 6. Bg2 b6 7. O-O Bb7 8. a3
Be7 9. cxd5 exd5 10. b4 Nbd7 11. Bb2 Re8 12. Ne5 Bf8 13. Qb3 Nxe5 14. dxe5 Nd7
15. f4 c5 16. Rad1 c4 17. Qc2 b5 18. Nf3 h6 19. Nh4 a5 20. Bxd5 Bxd5 21. Rxd5
Qb6+ 22. e3 Qxe3+ 23. Qf2 Qxf2+ 24. Rxf2 axb4 25. axb4 Nb6 26. Rxb5 Na4 27. Nf5
c3 28. Ba3 Red8 29. Ne3 Rd3 30. Bc1 Nb2 31. Rf1 Kh7 32. Rd5 Bxb4 33. Rb5 Ba3
34. Nc2 Nc4 35. Nxa3 Nxa3 36. Rb7 Kg8 37. f5 Nc4 1/2-1/2

[Event "Chess House IM 2017"]
[Site "Aarhus"]
[Date "2017.02.13"]
[Round "4.4"]
[White "Bolding, Klaus"]
[Black "Matthiesen, Martin"]
[Result "1/2-1/2"]
[WhiteElo "2307"]
[BlackElo "2329"]
[PlyCount "128"]
[EventDate "2017.02.??"]
[EventType "tourn"]
[EventRounds "9"]
[EventCountry "DEN"]
[WhiteClock "0:02:12"]
[BlackClock "0:02:31"]

1. g3 d5 2. Bg2 c5 3. f4 Nc6 4. Nf3 Nf6 5. O-O g6 6. d3 Bg7 7. e3 O-O 8. Qe1 b6
9. h3 Ba6 10. Rf2 Qc7 11. e4 dxe4 12. dxe4 e5 13. Nc3 Rae8 14. f5 gxf5 15. Nh4
Nxe4 16. Nd5 Qd8 17. Rxf5 Nd6 18. Bg5 f6 19. Rxf6 Rxf6 20. Nxf6+ Bxf6 21. Bxf6
Qxf6 22. Bxc6 Rf8 23. Rd1 Kh8 24. Bg2 e4 25. Qe3 Bb7 26. Rf1 Qg7 27. Rf4 Rxf4
28. Qxf4 Qe7 29. Qe3 Qe5 30. c3 Kg7 31. Kh2 Bd5 32. Nf3 Qe7 33. b3 a5 34. Nh4
Qf6 35. Qd2 Qe5 36. c4 Be6 37. Qe3 h6 38. Nf3 Qf6 39. Nd2 Bf5 40. Qf4 Bg6 41.
Nf1 Qxf4 42. gxf4 e3 43. Nxe3 Bb1 44. Bc6 Bxa2 45. Ba4 Ne4 46. Nd5 Nd2 47. Nxb6
Bxb3 48. Bxb3 Nxb3 49. Kg3 Kg6 50. Kf3 Kf5 51. Ke3 h5 52. Na4 h4 53. Kd3 Kxf4
54. Kc3 Nd4 55. Nxc5 Nc6 56. Ne6+ Kg3 57. Nd4 Ne7 58. c5 Kxh3 59. Nf3 Kg3 60.
Nxh4 Kxh4 61. Kc4 Kg5 62. Kb5 Nc6 63. Kxc6 a4 64. Kd7 a3 1/2-1/2

[Event "Chess House IM 2017"]
[Site "Aarhus"]
[Date "2017.02.13"]
[Round "4.5"]
[White "Bjerre, Jonas Buhl"]
[Black "Boe Olsen, Filip"]
[Result "1/2-1/2"]
[WhiteElo "2355"]
[BlackElo "2123"]
[PlyCount "178"]
[EventDate "2017.02.??"]
[EventType "tourn"]
[EventRounds "9"]
[EventCountry "DEN"]
[WhiteClock "0:05:48"]
[BlackClock "0:22:31"]

1. e4 e5 2. Nf3 Nc6 3. Bb5 a6 4. Ba4 Nf6 5. O-O Be7 6. Re1 b5 7. Bb3 d6 8. c3
O-O 9. d4 Bg4 10. Be3 exd4 11. cxd4 Na5 12. Bc2 c5 13. h3 Bh5 14. g4 Bg6 15.
Nbd2 Rc8 16. d5 Nb7 17. Bf4 Nd7 18. Nf1 Bf6 19. Rb1 Ne5 20. Ng3 c4 21. Nd4 Nd3
22. Bxd3 Bxd4 23. Bc2 Qf6 24. Ne2 Bb6 25. g5 Qe7 26. Nd4 Bxd4 27. Qxd4 f6 28.
gxf6 Qxf6 29. Qxf6 Rxf6 30. Bg3 Nc5 31. Re3 Nd3 32. Bxd3 cxd3 33. Rd1 Rc2 34.
Rdxd3 Rxb2 35. Ra3 Rb4 36. f3 Bh5 37. Rxa6 Bxf3 38. Rxd6 Bxe4 39. Rxf6 gxf6 40.
d6 f5 41. Rc3 Rb1+ 42. Kf2 Rd1 43. Rc7 f4 44. Bxf4 Bf5 45. h4 Rd4 46. Be5 Rxh4
47. d7 Bxd7 48. Rxd7 Ra4 49. Rd2 Kf7 50. Bd6 Ke6 51. a3 Rh4 52. Kg3 Rh5 53. Bb4
Rg5+ 54. Kh4 Rd5 55. Rc2 Rf5 56. Kg3 h5 57. Rb2 Kd5 58. Bd2 Kc4 59. Bf4 Rd5 60.
Rb4+ Kc3 61. Kf3 Kc2 62. Ke4 Rd3 63. Rxb5 Rxa3 64. Rxh5 Ra4+ 65. Ke3 Rc4 66.
Rh2+ Kb3 67. Be5 Rc2 68. Rh4 Rc4 69. Rh6 Rc8 70. Kd3 Rd8+ 71. Bd4 Rb8 72. Rh1
Rc8 73. Rb1+ Ka4 74. Bb6 Ka3 75. Kd4 Ka2 76. Rb5 Rc1 77. Kd3 Rc8 78. Bd4 Ka3
79. Bc3 Ka4 80. Rb4+ Ka3 81. Kc2 Rc7 82. Rb5 Rc4 83. Rf5 Rg4 84. Ra5+ Ra4 85.
Rb5 Rc4 86. Kd3 Rc8 87. Bd4 Ka4 88. Rb7 Ka5 89. Ke4 Rc1 1/2-1/2

[Event "Chess House IM 2017"]
[Site "Aarhus"]
[Date "2017.02.14"]
[Round "5.1"]
[White "Teplyi, Igor"]
[Black "Fries Nielsen, Jens Ove"]
[Result "1-0"]
[WhiteElo "2448"]
[BlackElo "2353"]
[PlyCount "85"]
[EventDate "2017.02.??"]
[EventType "tourn"]
[EventRounds "9"]
[EventCountry "DEN"]
[WhiteClock "0:01:44"]
[BlackClock "0:09:11"]

1. c4 e6 2. Nf3 g6 3. Nc3 Bg7 4. d4 Ne7 5. h4 h6 6. e4 d5 7. Bd3 Nbc6 8. Be3 e5
9. Nxd5 Nxd4 10. Nxd4 exd4 11. Bf4 Nxd5 12. cxd5 c6 13. dxc6 bxc6 14. Qa4 Qb6
15. Bd6 Bd7 16. Qa3 Bf8 17. Bxf8 Rxf8 18. O-O c5 19. Rac1 Qb4 20. Qxb4 cxb4 21.
Rc4 Rb8 22. Rxd4 Ke7 23. Bc4 Rfc8 24. Rfd1 Be8 25. b3 a5 26. Rd5 a4 27. Ra5 Rc7
28. f3 Rbc8 29. Rd4 Rc5 30. Ra7+ R8c7 31. Rxc7+ Rxc7 32. Kf2 g5 33. hxg5 hxg5
34. bxa4 Bxa4 35. Bb3 Bxb3 36. axb3 Rb7 37. g3 Ke6 38. f4 gxf4 39. gxf4 f6 40.
Ke3 Rb8 41. f5+ Ke7 42. Kd3 Rb7 43. Kc4 1-0